Social Entrepreneurship: A Way of Developing Social Innovation in Regions
Poukázanie na regionálnu dimenziu sociálnych inovácií. Prezentácia súčasného stavu sociálneho podnikania na európskej úrovni a charakteristika jeho dôležitosti a pozície na Slovensku.
Na minha lista:
| Autor principal: | |
|---|---|
| Outros Autores: | |
| Formato: | Capítulo de Livro |
| Idioma: | inglês |
| Assuntos: | |
| Tags: |
Sem tags, seja o primeiro a adicionar uma tag!
|
MARC
| LEADER | 00000naa$a2200000$$$4500 | ||
|---|---|---|---|
| 001 | 0256303 | ||
| 005 | 20240502083728.9 | ||
| 041 | 0 | |a eng | |
| 044 | |a CZ | ||
| 245 | 1 | 0 | |a Social Entrepreneurship: A Way of Developing Social Innovation in Regions |c Iveta Dudová, Simona Polonyová |
| 520 | |a Poukázanie na regionálnu dimenziu sociálnych inovácií. Prezentácia súčasného stavu sociálneho podnikania na európskej úrovni a charakteristika jeho dôležitosti a pozície na Slovensku. | ||
| 610 | 2 | 0 | |a inovácie sociálne |
| 610 | 2 | 0 | |a rozvoj regionálny |
| 610 | 2 | 0 | |a Slovensko |
| 610 | 2 | 0 | |a Európa |
| 610 | 2 | 0 | |a firmy |
| 100 | 1 | |a Dudová, Iveta | |
| 700 | 1 | |a Polonyová, Simona, 1985- | |